Imágenes modernistas

محفوظ في:
التفاصيل البيبلوغرافية
المؤلف الرئيسي: Castagnino, Raúl
التنسيق: كتاب
اللغة:Undetermined
منشور في: Buenos Aires, Argentina Novoa 1967
الموضوعات:
الوسوم: إضافة وسم
لا توجد وسوم, كن أول من يضع وسما على هذه التسجيلة!

MARC

LEADER 00000nam a2200000Ia 4500
008 170316s9999 xx 000 0 und d
090 |a 801 C-16i 
100 |a Castagnino, Raúl 
245 |a Imágenes modernistas 
260 |a Buenos Aires, Argentina 
260 |b Novoa 
260 |c 1967 
300 |a 135 páginas 
650 |a TEORÍA LITERARIA 
999 |c 20160  |d 20160 
040 |a cru BVZT 
942 |c 15 D  |h 801 C-16i  |2 z